Green food - Statistics

General Stats
  • This quiz has been taken 81 times
  • The average score is 8 of 8
Answer Stats
Picture Answer % Correct
Avocado
100%
Grape
100%
Lime
100%
Broccoli
99%
Kiwi
99%
Cucumber
96%
Lettuce
96%
Brussel sprouts
78%
No matching quizzes found
Score Distribution
Percent of People with Each Score
Percentile by Number Answered
Your Score History
You have not taken this quiz